| Поле | Инд. | ПП | Название | Значение |
|---|---|---|---|---|
| Тип записи | a | |||
| Библиографический уровень | a | |||
| 001 | Контрольный номер | 71e6ce0dc7b744d2b516b115aec8dbc1 | ||
| 005 | Дата корректировки | 20190925150538.9 | ||
| 100 | a | Данные общей обработки | 20190925 ||| 0rusy0189 ca | |
| 101 | 0_ | a | Язык текста | rus |
| 102 | a | Страна публикации | RU | |
| 200 | 1_ | f | Первые сведения об ответственности | О.В. Брежнев |
| a | Заглавие | Применение современных информационно-коммуникационных технологий при осуществлении конституционного правосудия в России | ||
| b | Общее обозначение материала | Текст | ||
| 210 | 1_ | d | Дата издания | 2019 |
| 461 | _0 | 1 | 2000 | |
| a | Российский судья | |||
| 463 | _0 | 1 | 2000 | |
| a | № 6 | |||
| v | С. 56-60 | |||
| 1 | 2101 | |||
| d | 2019 | |||
| 1 | 0010f80976fe03448938de0365a84524d2d | |||
| 606 | a | Основная рубрика | Суд | |
| 610 | 0_ | a | Ключевые слова | КОНСТИТУЦИОННОЕ ПРАВОСУДИЕ |
| a | Ключевые слова | КОНСТИТУЦИОННЫЙ СУД РФ | ||
| a | Ключевые слова | ИНФОРМАЦИОННЫЕ И КОММУНИКАЦИОННЫЕ ТЕХНОЛОГИИ В СУДЕБНОЙ ДЕЯТЕЛЬНОСТИ | ||
| 700 | _1 | a | Фамилия | Брежнев |
| b | Имя | О.В. | ||
| 801 | _0 | a | Страна | RU |
| b | Организация | РГУП | ||
| c | Дата составления | 20190925 | ||
| g | Правила каталогизации | PSBO | ||
| 801 | _1 | a | Страна | RU |
| b | Организация | РГУП | ||
| c | Дата составления | 20190925 | ||
| g | Правила каталогизации | PSBO | ||
| 901 | t | Тип документа | b | |
| w | Контрольный № источника | 0f80976fe03448938de0365a84524d2d | ||
| 905 | a | Дата ввода | 20190925 |